| 000 | 01038cam a22002055a 4500 | ||
|---|---|---|---|
| 001 | L150210 | ||
| 008 | 100614e2010 xxk 000 0 eng d | ||
| 035 | _a(Sirsi) u150210 | ||
| 041 | 0 | _aeng | |
| 110 | 2 |
_aEuroProperty _91216 |
|
| 245 | 0 | 0 | _aUK property funds wary about draft EU directive |
| 260 | _c2010 | ||
| 490 | 0 |
_aEuroProperty _v7 June 2010, 8-9(2) |
|
| 520 | _aThe European Parliament has adopted a position on the controversial Alternative Investment Fund Managers Directive, draft legislation requiring non-EU alternative investment fund managers to comply with EU rules if they wish to operate in Europe. The UK, the hub of the industry in the EU, has been the main opponent of further regulation. Significant inter-institutional differences will have to be resolved for the directive to come into force in mid-2012. | ||
| 590 | _aKA | ||
| 650 | 2 | 4 | _aALTERNATIVE INVESTMENT FUND MANAGERS DIRECTIVE |
| 651 | 4 | _aEurope | |
| 690 | _aPROPERTY-COMMERCIAL PROPERTY-COMMERCIAL PROPERTY FINANCE AND INVESTMENT | ||
| 942 | _n0 | ||
| 999 |
_c82420 _d82420 |
||